| 000 | 00612nam a2200157 a 4500 | ||
|---|---|---|---|
| 001 | 000047844 | ||
| 005 | 20201002060753.0 | ||
| 008 | 180829s2007 dr 000 spa d | ||
| 040 |
_aDO-SdBNP _bspa _cBNPHU |
||
| 082 |
_axxx _bF727 |
||
| 111 | 1 | 3 |
_aForo Presidencial por la Excelencia de la Educación _bmesa de trabajo _975410 |
| 245 | 0 |
_aTIC en la gestión administrativa :. : _bsituación y perspectiva de los sistemas informáticos para la gestión de los procesos universitarios / _cLarissa Bonilla. |
|
| 260 |
_aSanto Domingo : _bSEESCYT, _c2007. |
||
| 300 |
_a78 p. ; _c23 cm. |
||
| 590 | _aInventariado,2018/DG | ||
| 999 |
_c47332 _d47332 |
||